| 000 | 00596nam a2200169 i 4500 | ||
|---|---|---|---|
| 001 | 93678 | ||
| 003 | ES-MaACL | ||
| 005 | 20230906181307.0 | ||
| 007 | t| | ||
| 008 | 050418s1926 sp ||||1| spa d | ||
| 100 | 1 |
_aLópez Enriquez, Manuel. _973621 |
|
| 245 | 1 | 4 |
_aLas células de Rio-Hortega en los procesos patológicos de la retina y nervio óptico... / _cManuel López Enriquez. |
| 260 |
_aMadrid : _b[s.n.], _c1926. |
||
| 300 |
_a6 p., 3 lám. ; _c24 cm. |
||
| 500 | _aEs tirada aparte del Boletín de la Sociedad Española de Biología. Vol.XII .Fasc. II. | ||
| 852 |
_aES-MaACL _j1710-F-4 |
||
| 999 |
_c93678 _d93678 |
||